Estadísticas para Jugadores Random de la Premier League por Foto

Haz click aquí para intentar la prueba.

Estadísticas generales

  • Esta prueba ha sido intentada 305 veces
  • La puntuación promedio es 10 de 12

Estadísticas de respuestas

Respuesta% Correcto
Bernardo Silva
100%
Gabriel Jesus
100%
Heung-Min Son
100%
Phil Foden
100%
Rodri
100%
Ruben Dias
100%
Raheem Sterling
97%
Virgil Van Dijk
97%
Jordan Pickford
96%
Julián Álvarez
96%
Marcus Rashford
96%
Raphaël Varane
96%
Roberto Firmino
96%
Cristian Romero
95%
David de Gea
95%
Mohamed Salah
95%
Nathan Aké
95%
Richarlison
95%
Bruno Fernandes
94%
Darwin Núñez
94%
Erling Haaland
94%
Harry Kane
94%
Jadon Sancho
93%
Alexis Mac Allister
92%
Casemiro
92%
Enzo Fernández
92%
Ilkay Gündogan
92%
Kevin De Bruyne
92%
Lucas Paquetá
92%
Andrew Robertson
91%
Luis Díaz
91%
Ederson
90%
João Félix
90%
Bukayo Saka
89%
Christian Pulisic
89%
Diogo Jota
89%
Trent Alexander-Arnold
89%
Cody Gakpo
88%
Declan Rice
88%
Fabinho
88%
Kelvin Phillips
88%
Kieran Trippier
88%
Luke Shaw
88%
Marc Cucurella
88%
Moisés Caicedo
88%
Riyad Mahrez
88%
Alisson
86%
Martin Ødegaard
86%
Antony
84%
Jack Grealish
84%
Alexander Isak
83%
Mason Mount
83%
Mateo Kovacic
83%
Allan Saint-Maximin
81%
Gabriel Martinelli
81%
Ibrahima Konaté
81%
Reece James
81%
Aaron Ramsdale
80%
Kaoru Mitoma
80%
Jorginho
79%
Kai Havertz
79%
Miguel Almirón
79%
Pedro Porro
79%
Anthony Gordon
75%
Bruno Guimarães
75%
Mykhaylo Mudryk
75%
Diogo Dalot
71%
Leandro Trossard
71%
Wesley Fofana
71%
Ben White
70%
Ivan Toney
70%
Oleksandr Zinchenko
70%
Ollie Watkins
69%
Thomas Partey
68%
William Saliba
68%
Joelinton
64%
Lisandro Martínez
64%
Rúben Neves
64%
Rodrigo Bentancur
63%
Emile Smith Rowe
62%
Dejan Kulusevski
59%
Callum Wilson
53%
Sven Botman
50%
Benoît Badiashile
47%
Jarrod Bowen
45%
Gabriel Magalhães
40%
Pierre-Emile Höjbjerg
39%
Matheus Nunes
38%
Joao Palhinha
33%
Amadou Onana
27%
Tomas Soucek
22%
Marc Guéhi
15%

Distribución de puntuación

Porcentaje por número respondido

Porcentaje de gente con cada puntuación

Historial de tus puntuaciones

No has intentado esta prueba.